Managing human resources / (Record no. 11228)
[ view plain ]
| 000 -LEADER | |
|---|---|
| fixed length control field | 01354cam a22003134a 4500 |
| 001 - CONTROL NUMBER | |
| control field | 15362883 |
| 005 - DATE AND TIME OF LATEST TRANSACTION | |
| control field | 20080716081840.0 |
| 008 - FIXED-LENGTH DATA ELEMENTS--GENERAL INFORMATION | |
| fixed length control field | 080711s2009 ohua b 001 0 eng |
| 010 ## - LIBRARY OF CONGRESS CONTROL NUMBER | |
| LC control number | 2007908811 |
| 020 ## - INTERNATIONAL STANDARD BOOK NUMBER | |
| International Standard Book Number | 9780324579659 (hbk.) |
| 020 ## - INTERNATIONAL STANDARD BOOK NUMBER | |
| International Standard Book Number | 0324579659 (hbk.) |
| 040 ## - CATALOGING SOURCE | |
| Original cataloging agency | DLC |
| Transcribing agency | DLC |
| 050 00 - LIBRARY OF CONGRESS CALL NUMBER | |
| Classification number | HF5549 |
| Item number | .S24895 2009 |
| 082 ## - DEWEY DECIMAL CLASSIFICATION NUMBER | |
| Edition number | 22 |
| Classification number | 658.3 |
| Item number | JAC |
| 100 1# - MAIN ENTRY--PERSONAL NAME | |
| Personal name | Jackson, Susan E. |
| 9 (RLIN) | 3355 |
| 245 10 - TITLE STATEMENT | |
| Title | Managing human resources / |
| Statement of responsibility, etc | Susan E. Jackson, Randall S. Schuler, Steve Werner. |
| 250 ## - EDITION STATEMENT | |
| Edition statement | 10th ed. |
| Remainder of edition statement | International student edition. |
| 260 ## - PUBLICATION, DISTRIBUTION, ETC. (IMPRINT) | |
| Place of publication, distribution, etc | Australia : |
| Name of publisher, distributor, etc | South-Western Cengage Learning, |
| Date of publication, distribution, etc | c2009. |
| 300 ## - PHYSICAL DESCRIPTION | |
| Extent | xxvii, 646 p. : |
| Other physical details | maps, ill. ; |
| Dimensions | 26 cm. |
| 500 ## - GENERAL NOTE | |
| General note | Rev. ed. of: Managing human resources through strategic partnerships / Susan E. Jackson, Randall S. Schuler. 9th ed. c2006. |
| 504 ## - BIBLIOGRAPHY, ETC. NOTE | |
| Bibliography, etc | Includes bibliographical references and index. |
| 650 #0 - SUBJECT ADDED ENTRY--TOPICAL TERM | |
| Topical term or geographic name as entry element | Personnel management. |
| 9 (RLIN) | 3356 |
| 650 #0 - SUBJECT ADDED ENTRY--TOPICAL TERM | |
| Topical term or geographic name as entry element | Personnel management |
| Form subdivision | Case studies. |
| 9 (RLIN) | 3357 |
| 700 1# - ADDED ENTRY--PERSONAL NAME | |
| Personal name | Schuler, Randall S. |
| 9 (RLIN) | 3358 |
| 700 1# - ADDED ENTRY--PERSONAL NAME | |
| Personal name | Werner, Steve, |
| Dates associated with a name | 1964- |
| 9 (RLIN) | 3359 |
| 942 ## - ADDED ENTRY ELEMENTS (KOHA) | |
| Source of classification or shelving scheme | Dewey Decimal Classification |
| Item type | Book - Borrowing |
| Withdrawn status | Item status | Source of classification or shelving scheme | Damaged status | Not for loan | Vendor | Home library | Current library | Shelving location | Date acquired | Source of acquisition | Cost, normal purchase price | Serial Enumeration / chronology | Total Checkouts | Total Renewals | Full call number | Barcode | Date last seen | Date last borrowed | Koha item type |
|---|---|---|---|---|---|---|---|---|---|---|---|---|---|---|---|---|---|---|---|
| Dewey Decimal Classification | Alahram | Central Library | Central Library | First floor | 08/04/2009 | 312.50 | 350 | 7 | 16 | 658.3 JAC | 000015915 | 15/07/2025 | 01/11/2017 | Book - Borrowing |